000 00888nam0a22002651 4500
001 rc\4598938
005 20250612130306.0
021 _aRU
_b[63-31104]
035 _a(NLR Aleph) 008665692
090 _a9089065
_c9089065
100 _a20130416d1963 |||y0rusy50 ca
101 0 _arus
102 _aRU
105 _aab z |||||
200 1 _aГеологопромышленная оценка угольных месторождений
210 _aМосква
_cГосгортехиздат
_d1963
215 _a239 с.
_cил., карт.
_d22
320 _aБиблиогр.: с. 233-237 (125 назв.)
606 _aУгольные месторождения
_xОценка
_2psbo
700 1 _aМиронов
_bК.В.
_gКонстантин Васильевич
801 0 _aRU
_bNLR
_gpsbo
801 1 _aRU
_bELAR
_2rusmarc
852 _aNLR
_j63-5/2363
942 _cBOOK
980 _aNB